000 00253nam a2200085Ia 4500
245 0 _aDias: 'n hoorspel
100 _a LOUW, N.P. van Wyk (Nicolaas Petrus van Wyk) Kaapstad, 1952
_9111882
942 _cBK
008 210825s9999 xx 000 0 und d
999 _c509708
_d509707